00671nam a22001697a 4500003000900000008004100009040007100050082001800121100002100139245003400160260009400194300002600288505011700314650002100431650002600452650002300478AR-CdUCM190308b ||||| |||| 00| 0 spa d aMUNICIPALIDAD PROVINCIAL DEL CUSCOcBIBLIOTECA MUNICIPAL DEL CUSCO a869.56 /bG19 aGálvez, José aNuestra pequeña historia /  aLima : bUniversidad Nacional Mayor de San Marcos, Departamento de Publicaciones, c1966. a428 paginas ;c21 cm. aContenido :Hombres públicos -- Obras publicas -- El conde de Lemos -- Regatas -- Un relojito con historia ...  aEnsayos peruanos aEnsayos de costumbres aLiteratura peruana